00234nam a2200097Ia 4500008004100000100000900041245003300050260002900083942000700112999001700119190216s9999||||xx |||||||||||||| ||und|| aNull 0aHindi-Bahishah Jen Ul Abidin bMac Millian And Com. Ltd cBK c17142d17142